000 00573nam a2200229Ia 4500
003 OSt
005 20220924152204.0
006 a|||||r|||| 00| 0
007 ta
008 220923b |||||||| |||| 00| 0 mar d
024 _a341384
037 _cTextual
040 _aARTS
_cARTS
_bmar
041 _2mar
_amar
082 _aO155,2N01,3, G4
100 _aGupte Au.
_9226049
245 0 _aPeshwai Nantar
260 _c1934
650 _aMARATHI LITERATURE
_938000
942 _hO155,2N01,3, G4
_cTEXL
_2CC
999 _c469010
_d469010